| 000 | 00780nam a22002297a 4500 | ||
|---|---|---|---|
| 001 | BRCA_9392 | ||
| 003 | FranzMayer | ||
| 005 | 20230918124706.0 | ||
| 008 | 230901b |||||||| |||| 00| 0 eng d | ||
| 040 |
_aMFM _bESPAÑOL _cMFM |
||
| 050 | 0 |
_aNA2762 _bI53 2000 |
|
| 110 | 1 |
_4Responsable _aINBA _929489 |
|
| 240 |
_aDibujos de arquitectura _hDe Miguel Ángel a Le Corbusier _lEspañol |
||
| 245 | 0 |
_aDibujos de arquitectura _bDe Miguel Ángel a Le Corbusier |
|
| 260 |
_aMéxico _bINBA _c2000 |
||
| 300 |
_a95 P _bIlustraciones a color _c23 cm |
||
| 500 | _aAnexo 1 | ||
| 505 | _aTexto en: españolDirigido a: arquitectos | ||
| 650 | 1 |
_2Arquitectura _aDibujos _vDiseños arquitectónicos _929490 |
|
| 651 | 2 |
_2Arquitectos _aMiguel Ángel _vLe Corbusier _929491 |
|
| 942 |
_2lcc _cH |
||
| 999 |
_c11014 _d11014 |
||